Sports Quiz

Random Sports Quiz

New York Mets Trivia Quiz Stats

 Plays Quiz not verified by Sporcle

Challenge
Share
Tweet
Embed
Score 0/25 Timer 14:00
0 Plays Today
Question % Correct
Which star player was a no show for the victory parade in 1986?Dwight Gooden
75.2%
What met infielder won the gold glove at his position from 97-99?Rey Ordonez
73.3%
In the 1986 NLCS against Houston, Who was the winning pitcher 3 of the 4 times?Jesse Orosco
69.8%
In his rookie year in 1968, who was 19-12 with 7 shutouts, 178 strikeouts and a 2.08 ERA? Jerry Koosman
68.8%
Which Met hit the longest shot ever at Wrigley Field in April of 1976?Dave Kingman
67.3%
What pitcher led the NL in strikeouts in 1990 and 1991?David Cone
65.8%
Which Met pitcher won the Nl Glod Glove in 1989, directly preceeding Greg Maddux's string of 18 of the next 19?Ron Darling
65.3%
The 3 people to have their # retired by the mets are Seaver, Hodges, and ?Casey Stengel
62.9%
Who did Endy Chavez rob of a home run with 'The Catch' in Game 7 of the 2006 NLCS?Scott Rolen
61.9%
Who pitched a one hit shutout to clinch the 2000 NLDS against the Giants?Bobby Jones
61.9%
Which 2000 playoff hero for the Mets was named MVP of the Asia Series in 2005?Benny Agbayani
60.9%
which player won comeback player of the year in 1986 after batting only .218 with six home runs and 36 RBIs in 1985?Ray Knight
59.9%
Who became the team's manager in 1972, following the sudden death of manager Gil Hodges?Yogi Berra
59.9%
Question % Correct
Which former Met became the first Japan-born player to play in the World Series as a Giant In 2002?Tsuyoshi Shinjo
53.5%
Which 1986 Met player was shot three times in situations resulting from his involvement with a San Diego gang called Syndo Mob?Kevin Mitchell
51%
Which Met player spat on Kramer and Newman on June 14, 1987? Roger McDowell
50.5%
Who was the 1969 world series mvp?Donn Clendenon
49.5%
What Met made his major league debut at the age of 17 on September 22, 1962Ed kranepool
49%
Which Met holds the record for most stolen bases in a season (21 in 1988) without being caught?Kevin McReynolds
45%
Who unsuccesfully tried to hit cheater Roger Clemens, but hit a home run off of him on June 15th 2002?Shawn Estes
45%
In the movie Men in Black, which Mets outfielder gets hit on the head with a fly ball because he is distracted by a UFO?Bernard Gilkey
44.1%
In what 2000 movie, does a met fan prove to his met fan dad over a radio, that he really is his son in the future,.. by describing what will happen in the 1969 World Series?Frequency
30.2%
Following in the footsteps of the Bears song 'Superbowl Shuffle', The Mets did their own song during the begining of the 1986 season called 'Get ___'?Metsmerized
23.3%
In 1986 the Mets won the division by how many games?21.5
20.8%
In which 1992 Harvey Keitel movie did a fictional Mets/Dodgers NLCS play a major metaphoric role?Bad Lieutenant
13.4%

You're not logged in!

Compare scores with friends on all Sporcle quizzes.
OR
Log In

You Might Also Like...

Show Comments

Extras

Created Jun 15, 2010ReportNominate
Tags:met

Top Quizzes Today


Score Distribution

Your Account Isn't Verified!

In order to create a playlist on Sporcle, you need to verify the email address you used during registration. Go to your Sporcle Settings to finish the process.

Report this User

Report this user for behavior that violates our Community Guidelines.

Details: